000 01798nam0a2200373 4500
001 RU\NLR\BIBL_A\010863805
005 20260405223415.0
010 _a978-5-7777-0595-2
_9300
021 _aRU
_b2015-71612
_94291
035 _a(NLR Aleph) 010863805
090 _a10434337
_c10434337
100 _a20151019d2015 |||y0rusy50 ca
101 1 _aeng
_crus
102 _aRU
105 _aab||z|||000yy
200 1 _aGlobal "perestroika"
_etransformations of the world order
_f[S.A. Afontsev, A.G. Arbatov, N.K. Arbatova et al.]
_ged. by Alexander A. Dynkin, Natalya I. Ivanova
_g[transl. from Russian by Margret Sutterwaite et al.]
_gInst. of world economy a. intern. relations (IMEMO)
210 _aMoscow
_cVes mir
_d2015
215 _a544 с.
_cил., карт.
_d22
300 _aАвт. указаны на обороте тит. л.
320 _aБиблиогр. в подстроч. примеч.
541 1 _aГлобальная "Перестройка" Трансформация мирового порядка.
606 1 _aМировое хозяйство
_91186934
_3RU\NLR\AUTH\66160660
606 1 _aСоциально-экономическое развитие
_xУправление
_92172504
_3RU\NLR\AUTH\661306764
686 1 _aУ03(0)
686 1 _aУ21(0)
701 1 _aAfoncev
_bS.A.
_f1973-
_gSergej Aleksandrovič
701 1 _8rus
_7ba
_aArbatov
_bA. G.
_f1951-
_gAleksej Georgievič
_3RU\NLR\AUTH\77101594
_984520
701 1 _aArbatova
_bN. K.
_gNadežda Konstantinovna
702 1 _aDynkin
_bA. A.
_f1948-
_gAleksandr Aleksandrovič
_4340
712 0 2 _4570
_7ba
_8eng
_aPrimakov institute of world economy and international relations
_cMoscow
_9500142
_3RU\NLR\AUTH\880417525
942 _cBOOK
980 _aNB